Name Every SEC Team Ever - Statistics

General Stats
  • This quiz has been taken 18 times
    17 since last reset
  • The average score is 17 of 19
Answer Stats
Hint Answer % Correct
1932- Alabama
100%
1932- Georgia
100%
2024- Oklahoma
100%
1932- Ole Miss
100%
1991- South Carolina
100%
1932- Tennessee
100%
2024- Texas
100%
2012- Texas A&M
100%
1991- Arkansas
90%
1932- Auburn
90%
1932- Florida
90%
1932- Kentucky
90%
1932- LSU
90%
1932- Mississippi State
90%
2012- Missouri
90%
1932- Vanderbilt
90%
1932-1964 Georgia Tech
60%
1932-1966 Tulane
40%
1932-1940 Sewanee
30%
No matching quizzes found
Score Distribution
Percent of People with Each Score
Percentile by Number Answered
Your Score History
You have not taken this quiz since the last reset